Countries with More Than Half of People in Poverty - Statistics

General Stats
  • This quiz has been taken 269 times
  • The average score is 11 of 21
Answer Stats
% Country % Correct
63 Niger
86%
63 DR Congo
84%
70 Nigeria
77%
50.6 South Sudan
68%
53 Malawi
65%
72.3 Zimbabwe
64%
68 Burundi
63%
60.5 Zambia
63%
52 Mozambique
61%
58.5 Haiti
58%
63.8 Liberia
57%
67.9 Tanzania
56%
70.2 Sierra Leone
53%
54 Yemen
51%
69 Swaziland
30%
60 Comoros
29%
60 Honduras
28%
66.2 São Tomé and Príncipe
28%
54 Guatemala
24%
52.3 Mexico
20%
70 Suriname
13%
No matching quizzes found
Score Distribution
Percent of People with Each Score
Percentile by Number Answered
Your Score History
You have not taken this quiz